01463nam a2200349Ia 4500001001100000003000800011006001900019007001500038008004100053010001700094020002800111020002200139040002100161035002000182050002200202072001200224082001200236100002100248245012900269260006000398300001700458490006500475504006800540533015200608650005100760650005000811650004700861655002900908710001700937830003400954856012500988ebr5000190CaPaEBRm u cr cn|||||||||990219s1999 ne sb 001 0 eng d z 99022396  z1556199090 (alk. paper) z9027227462 (Eur.) aCaPaEBRcCaPaEBR a(OCoLC)7076850714aP281b.F45 1999eb 7aP2lcco04a4152211 aFelser, Claudia.10aVerbal complement clausesh[electronic resource] :ba minimalist study of direct perception constructions /cClaudia Felser. aAmsterdam ;aPhiladelphia :bJ. Benjamins Pub.,cc1999. axiii, 278 p.1 aLinguistik aktuell =aLinguistics today,x0166-0829 ;vv. 25 aIncludes bibliographical references (p. [253]-266) and indexes. aElectronic reproduction.bPalo Alto, Calif. :cebrary,d2013.nAvailable via World Wide Web.nAccess may be limited to ebrary affiliated libraries. 0aGrammar, Comparative and generalxVerb phrase. 0aGrammar, Comparative and generalxComplement. 0aGrammar, Comparative and generalxClauses. 7aElectronic books.2local2 aebrary, Inc. 0aLinguistik aktuell ;vBd. 25.40uhttp://site.ebrary.com/lib/rucke/Doc?id=5000190zAn electronic book accessible through the World Wide Web; click to view